000 00462nab a2200145Ia 4500
003 ES-SlBCS
005 20210601125208.0
008 140529s1971 xxu||||| |||| 00| 0 eng d
041 _aeng
100 1 _aKim, Chin-Tai
_9155030
245 0 0 _aSome Critical Reflections on Kant´s Theory of Freedom
_c Chin-Tai Kim
600 1 4 _aKant, Immanuel
_d, 1724-1804
_994277
773 0 _tPhilosophical Forum (The)
_gvol. 2, nº. 4, 1971, págs. 411-429
_wRev833
942 _cAR
999 _c526311
_d526311